书目信息 |
| 题名: |
家庭实用鱼菜谱
|
|
| 作者: | 臧怡民 , 汪淼 编著 | |
| 分册: | ||
| 出版信息: | 北京 农村读物出版社 1996.09 |
|
| 页数: | 251页 | |
| 开本: | 32开 | |
| 丛书名: | ||
| 单 册: | ||
| 中图分类: | TS972.126 | |
| 科图分类: | ||
| 主题词: | 饮食业--供应技术 | |
| 电子资源: | ||
| ISBN: | 7-5048-1043-6 | |
| 000 | 00605nam0 2200205 45 | |
| 001 | 0103301016 | |
| 005 | 20010330102052.8 | |
| 010 | @a7-5048-1043-6@d9.80元 | |
| 100 | @a20010330d1996 km y0chiy0120 ea | |
| 101 | 0 | @achi |
| 105 | @a z 000yy | |
| 200 | 1 | @a家庭实用鱼菜谱@AJia Ting Shi Yong Yu Cai Pu@f臧怡民,汪淼编著@FZang Yi Min,Wang Miao Bian Zhu |
| 210 | @a北京@c农村读物出版社@d1996.09 | |
| 215 | @a251页@d32开 | |
| 606 | 0 | @a饮食业@x供应技术 |
| 690 | @aTS972.126@v3 | |
| 701 | 0 | @a臧怡民@4编著 |
| 701 | 0 | @a汪淼@4编著 |
| 801 | @aCN@bPftUser@c20010330 | |
| 905 | @b334402-403@dTS972.126@eZ543@f2 | |
| 家庭实用鱼菜谱/臧怡民,汪淼编著.-北京:农村读物出版社,1996.09 |
| 251页;32开 |
| ISBN 7-5048-1043-6:9.80元 |
| ● |
| 相关链接 |
|
|
|
正题名:家庭实用鱼菜谱
索取号:TS972.126/Z543
 
预约/预借
| 序号 | 登录号 | 条形码 | 馆藏地/架位号 | 状态 | 备注 |
| 1 | 334402 | 203344023 | 自科库501/501自科库 45排4列3层/ [索取号:TS972.126/Z543] | 在馆 | |
| 2 | 334403 | 203344032 | 自科库501/501自科库 45排4列3层/ [索取号:TS972.126/Z543] | 在馆 |